Labor and love: wives' employment and divorce risk in its socio-political context /

Guardado en:
Bibliografiske detaljer
Hovedforfatter: Cooke, Lynn Prince
Format: Texto
Tags: Tilføj Tag
Ingen Tags, Vær først til at tagge denne postø!

MARC

LEADER 00000 a a2200000 04500
001 47388
003
040
100 |a Cooke, Lynn Prince  
245 |a Labor and love:   |b wives' employment and divorce risk in its socio-political context /  |c Lynn Price Cooke 
773 |g volumen20, número4, (2013), páginas 482-509 : tablas  
999 |c 31800  |d 31800